<?xml version="1.0" encoding="UTF-8"?><record xmlns="http://www.loc.gov/MARC21/slim" xmlns:zs="http://docs.oasis-open.org/ns/search-ws/sruResponse">
  <leader>04010cam a2200493 i 4500</leader>
  <controlfield tag="001">21962748</controlfield>
  <controlfield tag="005">20250607105014.9</controlfield>
  <controlfield tag="006">m    |o  d |      </controlfield>
  <controlfield tag="007">cr_|||||||||||</controlfield>
  <controlfield tag="008">210325s2021    nyu     ob    001 0 eng  </controlfield>
  <datafield ind1=" " ind2=" " tag="035">
    <subfield code="a">21962748</subfield>
  </datafield>
  <datafield ind1=" " ind2=" " tag="906">
    <subfield code="a">7</subfield>
    <subfield code="b">cbc</subfield>
    <subfield code="c">orignew</subfield>
    <subfield code="d">1</subfield>
    <subfield code="e">ecip</subfield>
    <subfield code="f">20</subfield>
    <subfield code="g">y-gencatlg</subfield>
  </datafield>
  <datafield ind1="0" ind2=" " tag="925">
    <subfield code="a">acquire</subfield>
    <subfield code="e">ecip ebook</subfield>
    <subfield code="x">policy default</subfield>
  </datafield>
  <datafield ind1=" " ind2=" " tag="955">
    <subfield code="a">ecip ebook 2021-03-29</subfield>
    <subfield code="f">rm05 2021-08-20 to book rec'd TW situational</subfield>
  </datafield>
  <datafield ind1=" " ind2=" " tag="010">
    <subfield code="a">  2021007468</subfield>
  </datafield>
  <datafield ind1=" " ind2=" " tag="020">
    <subfield code="a">9780429282812</subfield>
    <subfield code="q">(ebook)</subfield>
  </datafield>
  <datafield ind1=" " ind2=" " tag="020">
    <subfield code="z">9780367244910</subfield>
    <subfield code="q">(hardback)</subfield>
  </datafield>
  <datafield ind1=" " ind2=" " tag="040">
    <subfield code="a">DLC</subfield>
    <subfield code="b">eng</subfield>
    <subfield code="c">DLC</subfield>
    <subfield code="e">rda</subfield>
    <subfield code="d">DLC</subfield>
  </datafield>
  <datafield ind1=" " ind2=" " tag="042">
    <subfield code="a">pcc</subfield>
  </datafield>
  <datafield ind1=" " ind2=" " tag="043">
    <subfield code="a">e------</subfield>
  </datafield>
  <datafield ind1="0" ind2="0" tag="050">
    <subfield code="a">P306.8.E85</subfield>
  </datafield>
  <datafield ind1="0" ind2="0" tag="082">
    <subfield code="a">306.44/6094</subfield>
    <subfield code="2">23</subfield>
  </datafield>
  <datafield ind1="1" ind2=" " tag="100">
    <subfield code="a">Leal, Alice,</subfield>
    <subfield code="e">author.</subfield>
  </datafield>
  <datafield ind1="1" ind2="0" tag="245">
    <subfield code="a">English and translation in the European Union :</subfield>
    <subfield code="b">unity and multiplicity in the wake of Brexit /</subfield>
    <subfield code="c">Alice Leal.</subfield>
  </datafield>
  <datafield ind1=" " ind2="1" tag="264">
    <subfield code="a">New York :</subfield>
    <subfield code="b">Routledge, Taylor &amp; Francis Group,</subfield>
    <subfield code="c">2021.</subfield>
  </datafield>
  <datafield ind1=" " ind2=" " tag="300">
    <subfield code="a">1 online resource</subfield>
  </datafield>
  <datafield ind1=" " ind2=" " tag="336">
    <subfield code="a">text</subfield>
    <subfield code="b">txt</subfield>
    <subfield code="2">rdacontent</subfield>
  </datafield>
  <datafield ind1=" " ind2=" " tag="337">
    <subfield code="a">computer</subfield>
    <subfield code="b">c</subfield>
    <subfield code="2">rdamedia</subfield>
  </datafield>
  <datafield ind1=" " ind2=" " tag="338">
    <subfield code="a">online resource</subfield>
    <subfield code="b">cr</subfield>
    <subfield code="2">rdacarrier</subfield>
  </datafield>
  <datafield ind1="0" ind2=" " tag="490">
    <subfield code="a">Routledge advances in translation and interpreting studies</subfield>
  </datafield>
  <datafield ind1=" " ind2=" " tag="504">
    <subfield code="a">Includes bibliographical references and index.</subfield>
  </datafield>
  <datafield ind1="0" ind2=" " tag="505">
    <subfield code="a">Language, meaning and identity: From mother tongue to lingua franca -- The EU and English as a "lingua franca": De jure multilingualism versus de facto monolingualism -- Translation and the EU: The tension between unity versus multiplicity -- The EU as a community in formation in the wake of Brexit: For a new linguistic regime -- The future of language and translation in the EU: A language turn, a translation turn and a  transcultural turn -- Final remarks.</subfield>
  </datafield>
  <datafield ind1=" " ind2=" " tag="506">
    <subfield code="f">Unrestricted online access</subfield>
  </datafield>
  <datafield ind1=" " ind2=" " tag="520">
    <subfield code="a">"This book explores the growing tension between multilingualism and monolingualism in the European Union in the wake of Brexit, underpinned by the interplay between the rise of English as a lingua franca and the low status of translations in EU bodies, agencies and institutions. The book draws on an interdisciplinary approach highlighting insights from such fields as sociolinguistics, translation studies, and philosophy of language in looking at data drawn from official EU documents and online resources, many of which are increasingly initially produced in English and then translated into other languages, but not published as translations. In analyzing this data further, Leal explores issues around language hierarchy and the growing difficulty in reconciling the EU's approach to promoting multilingualism while fostering monolingualism in practice through the widespread use of English as a lingua franca, as well as questions around authenticity in the translation process and the boundaries between source texts and translations. The volume also looks ahead at the current and future implications of Brexit regarding this tension while also proposing potential ways forward toward resolving it. Offering unique insights into contemporary debates in translation studies, this book will be of particular interest to students and scholars in translation studies, sociolinguistics, philosophy of language and political science"--</subfield>
    <subfield code="c">Provided by publisher.</subfield>
  </datafield>
  <datafield ind1=" " ind2=" " tag="540">
    <subfield code="a">Creative Commons Attribution-NonCommercial-NoDerivatives 4.0 International</subfield>
    <subfield code="f">CC BY-NC-ND 4.0</subfield>
    <subfield code="u">https://creativecommons.org/licenses/by-nc-nd/4.0/legalcode</subfield>
  </datafield>
  <datafield ind1=" " ind2=" " tag="588">
    <subfield code="a">Description based on print version record.</subfield>
  </datafield>
  <datafield ind1=" " ind2="0" tag="650">
    <subfield code="a">English language</subfield>
    <subfield code="x">Political aspects</subfield>
    <subfield code="z">European Union countries.</subfield>
  </datafield>
  <datafield ind1=" " ind2="0" tag="650">
    <subfield code="a">Multilingualism</subfield>
    <subfield code="x">Polcal aspects</subfield>
    <subfield code="z">European Union countries.</subfield>
  </datafield>
  <datafield ind1=" " ind2="0" tag="650">
    <subfield code="a">Translating and interpreting</subfield>
    <subfield code="x">Political aspects</subfield>
    <subfield code="z">European Union countries.</subfield>
  </datafield>
  <datafield ind1="0" ind2="8" tag="776">
    <subfield code="i">Print version:</subfield>
    <subfield code="a">Leal, Alice.</subfield>
    <subfield code="t">English and translation in the European Union</subfield>
    <subfield code="d">New York : Routledge, 2021.</subfield>
    <subfield code="z">9780367244910</subfield>
    <subfield code="w">(DLC) 2021007467</subfield>
  </datafield>
  <datafield ind1="4" ind2="0" tag="856">
    <subfield code="d">gdcebookspublic</subfield>
    <subfield code="f">2021007468</subfield>
    <subfield code="u">https://hdl.loc.gov/loc.gdc/gdcebookspublic.2021007468</subfield>
  </datafield>
  <datafield ind1=" " ind2=" " tag="985">
    <subfield code="a">gdc/doab</subfield>
  </datafield>
  <datafield ind1=" " ind2=" " tag="985">
    <subfield code="a">gdc/scd</subfield>
  </datafield>
  <datafield ind1=" " ind2=" " tag="985">
    <subfield code="a">LC online resource</subfield>
    <subfield code="d">2021-03-29</subfield>
  </datafield>
</record>
